| 000 | 00511nam a22001817a 4500 | ||
|---|---|---|---|
| 003 | NUST | ||
| 020 | _qH/B | ||
| 038 | _awaseem | ||
| 082 |
_a297.1229 _bNAQ |
||
| 100 |
_aAl-Najfi, Syed Muhammad Naqvi _916824 |
||
| 245 |
_aTaskeen-e-Rooh / _cSyed Muhammad Naqvi Al-Najfi |
||
| 260 |
_aLahore : _bDare-e-Taqeeq Jamat-ul-Muntizer, _c2009. |
||
| 300 | _a528 p. ; | ||
| 563 | _aHBK. | ||
| 880 |
_6100-01\r _aسید محمد نقوی النجفی |
||
| 880 |
_6245-02\r _aتسکینِ روح / |
||
| 942 |
_2ddc _cBK |
||
| 999 |
_c525877 _d525877 |
||